000 00964cam a22002891 4500
001 sa 68014228
003 DLC
005 20260227112629.0
008 860219s1968 ii 000 0 sanx
010 _asa 68014228
020 _c2.00
025 _aPL480: I-San-1138
035 _a(OCoLC)13883104
040 _aDLC
_cNN
_dDLC
041 0 _asaneng
042 _apremarc
050 0 0 _aPK840
_b.R33 1968
100 0 _aRaghunātha Manohara,
_dapproximately 1758-approximately 1820.
245 1 0 _aKavikaustubhaḥ.
_cRaghunātha-Manohara-praṇītaḥ.
250 _aprathamāvr̥tli.
260 _aJodhapura,
_bRājasthāna Prācyavidyā Pratiṣṭhāna,
_c1968.
300 _a2, 32, 13 p.
_b25 cm.
440 0 _aRājasthāna puratana granthamālā,
_vgranthaṅka 95
500 _aIn Sanskrit; introductory matter in Hindi; notes and appendix in English and Sanskrit.
504 _aBibliographical footnotes.
650 0 _aSanskrit language
_xRhetoric.
999 _c85631
_d85631